MARC

LEADER 00000nam0a2200000 4500
001 297255
005 20231102001005.0
020 |a RU  |b 84-42873 
035 |a (RuTPU)RU\TPU\book\322388 
090 |a 297255 
100 |a 20150606d1984 km y0rusy5003 ca 
101 0 |a rus 
102 |a RU 
105 |a a z 001zy 
200 1 |a Петрогенетические взаимоотношения основных и щелочных пород : (По экспериментальным данным)  |f Н. В.Котов, А. В. Донских, Н. Ф. Шинкарев  |g Ленинградский государственный университет (ЛГУ) 
210 |a Ленинград  |c Изд-во ЛГУ  |d 1984 
215 |a 132 с.  |c ил. 
320 |a Библиогр.: с. 123-131 
606 1 |a Щелочные горные породы  |x Происхождение  |2 stltpush  |3 (RuTPU)RU\TPU\subj\19681  |9 44865 
610 1 |a горные породы 
610 1 |a петрогенетические процессы 
610 1 |a экспериментальные исследования 
610 1 |a базальты 
610 1 |a гаплограниты 
610 1 |a генезис 
610 1 |a глубинные взаимодействия 
610 1 |a флюидный режим 
610 1 |a формационный анализ 
675 |a 552.33  |v 3 
700 1 |a Котов  |b Н. В.  |g Николай Владимирович 
701 1 |a Донских  |b А. В.  |g Александр Викторович 
701 1 |a Шинкарев  |b Н. Ф.  |g Николай Филиппович 
712 0 2 |a Ленинградский государственный университет (ЛГУ)  |c (1924-1991)  |2 stltpush  |3 (RuTPU)RU\TPU\col\77 
801 0 |a RU  |b RuMRKP  |c 19950704  |g psbo 
801 1 |a RU  |b 63413507  |c 20150606 
801 2 |a RU  |b 63413507  |c 20190214  |g RCR 
942 |c BK